مكتبة جامعة عجلون الوطنية

فهرس بحث المكتبة

Normal view MARC view
  • درويس، عفاف عبد المنعم شحاتة، م.مشارك حسان، نورهان سليمان أحمد

Entry Personal Name

Number of records used in: 1

001 - CONTROL NUMBER

  • control field: 10440

003 - CONTROL NUMBER IDENTIFIER

  • control field: JO-AjAnu

005 - DATE AND TIME OF LATEST TRANSACTION

  • control field: 20230606071957.0

008 - FIXED-LENGTH DATA ELEMENTS

  • fixed length control field: 230606|| aca||aabn | a|a d

040 ## - CATALOGING SOURCE

  • Original cataloging agency: JO-AjAnu
  • Transcribing agency: JO-AjAnu

100 ## - HEADING--PERSONAL NAME

  • Personal name: درويس، عفاف عبد المنعم شحاتة، م.مشارك حسان، نورهان سليمان أحمد

670 ## - SOURCE DATA FOUND

  • Source citation: Work cat.: (JO-AjAnu)5375: درويس، عفاف عبد المنعم شحاتة، م.مشارك حسان، نورهان سليمان أحمد, author, الأسس العلمية والعملية لإستخدام صندوق الخطو في التمرينات الهوائية